000 00247nam a2200097Ia 4500
001 727556
005 20250826163451.0
008 250824s9999 xx 000 0 und d
245 0 _aBARIŞ IN GÜNLÜĞÜ
_cHAMDULLAH KÖSEOĞLU
260 _bBU YAYINEVİ
999 _c727556
_d727556